UBT Library

INTRODUCTORY ALGEBRA (Record no. 59326)

000 -LEADER
fixed length control field 00321nam a22001457a 4500
008 - FIXED-LENGTH DATA ELEMENTS--GENERAL INFORMATION
fixed length control field 230207b ||||| |||| 00| 0 eng d
020 ## - INTERNATIONAL STANDARD BOOK NUMBER
International Standard Book Number 9780321523037
041 ## - LANGUAGE CODE
Language code of text/sound track or separate title eng
080 ## - UNIVERSAL DECIMAL CLASSIFICATION NUMBER
Edition identifier 2ND EDITION
Universal Decimal Classification number 51
082 ## - DEWEY DECIMAL CLASSIFICATION NUMBER
Classification number 51
100 ## - Rafti
Rafti 20
101 ## - Shkurtesa
Shkurtesa MATEM
245 ## - TITLE STATEMENT
Title INTRODUCTORY ALGEBRA
Statement of responsibility, etc BRAGG S
942 ## - ADDED ENTRY ELEMENTS (KOHA)
Source of classification or shelving scheme
Item type Books
Holdings
Withdrawn status Lost status Source of classification or shelving scheme Damaged status Not for loan Collection code Permanent location Current location Date acquired Total Checkouts Full call number Barcode Date last seen Price effective from Koha item type
          Koleksioni i përgjithshem UBT - Lipjan UBT - Lipjan 02/07/2023   51BRA 003-251 02/07/2023 02/07/2023 Books
UBT Library © 2015-2024. All rights reserved University Education for Business and Technology